Historia - quiz wielokrotnego wyboru #6 - Statystyki

Ogólne statystyki
  • Ten quiz został rozwiązany 1 394 razy
  • Średni wynik to 9 z 15
Statystyki odpowiedzi
Zagadnienie Odpowiedź % Poprawnych
Czy Konfucjusz był prawdziwą osobą? Tak
94%
Co się stało z Łajką, pierwszym zwierzęciem, które okrążyło Ziemię? Zginęła na orbicie, tak jak planowano
77%
Co się stało z Lwem Trockim? Został zabity czekanem w Mexico City
74%
Imperium nazistowskie było znane jako III Rzesza. Pod jaką nazwą była znana I Rzesza? Święte Cesarstwo Rzymskie
73%
Który z tych obrazów pochodzi z XIV wieku?
68%
Ile podróży odbył Kolumb do Nowego Świata? 4
67%
Co wydarzyło się podczas trzech defenestracji Pragi? Ktoś został wyrzucony przez okno
63%
Które z tych miast NIE doświadczyło gorączki złota? Rio de Janeiro
58%
Który z tych państw nigdy nie okupował Filipin? Chiny
56%
Gdzie po raz pierwszy zaparzono kawę? Jemen
50%
Kto powiedział „Polska będzie wielka albo nie będzie jej wcale”? Józef Piłsudski
50%
Ile żon miał Mahomet w ciągu swojego życia? 11
48%
Który wynalazek umożliwił osiągnięcie znacznie większej liczby ludności na świecie, niż wcześniej sądzono? Metoda Habera
43%
Jaki kraj jest uważany za pierwszy amerykański kraj odwiedzony przez Europejczyków? Kanada
40%
Czyje ostatnie słowa brzmiały podobno "Przynajmniej nie boję się umierać"? Karol Darwin
24%
Nie znaleziono quizów pasujących do podanych kryteriów
Rozkład punktacji
Procent ludzi z każdym wynikiem
Percentyl według liczby udzielonych odpowiedzi
Twoja historia wyników
Nie rozwiązałeś tego quizu